Music Quiz

Random Music or Artist Quiz

2019 Rock and Roll Hall of Fame inductees (Clips) Quiz Stats

 Plays Quiz not verified by Sporcle

Support Sporcle.
Go Orange.
Score 0/77 Timer 20:00
0 Plays Today
Hint Answer % Correct
Performer 1Def Leppard
85.7%
Performer 1Pour Some Sugar On Me
79.3%
Performer 2Stevie Nicks
79.3%
Performer 4The Cure
74.5%
Performer 7Radiohead
70.7%
Performer 5Janet Jackson
69.3%
Performer 4Friday I'm In Love
67.4%
Performer 7Creep
66.7%
Performer 3The Zombies
58.3%
Performer 2Edge Of Seventeen
57.8%
Performer 1Photograph
48.9%
Performer 3She's Not There
48.5%
Performer 3Time Of The Season
48.1%
Performer 1Animal
46.5%
Performer 4Lovesong
43.4%
Performer 7Karma Police
43.2%
Performer 7Paranoid Android
43.1%
Performer 4Boys Don't Cry
41.7%
Performer 2Stop Draggin' My Heart Around (w/ Tom Petty & The Heartbreakers)
40%
Performer 6Roxy Music
37%
Performer 1Rock Of Ages
36.9%
Performer 4Just Like Heaven
36.7%
Performer 2Leather And Lace (w/ Don Henley)
32.8%
Performer 5Rhythm Nation
31.9%
Performer 7High & Dry
31.7%
Performer 2Stand Back
31.4%
Performer 4The Lovecats
29.8%
Performer 5What Have You Done For Me Lately
28.8%
Performer 1Let's Get Rocked
24.8%
Performer 1Bringin' On The Heartbreak
24.5%
Performer 4Close To Me
24.4%
Performer 6Love Is The Drug
24.4%
Performer 6More Than This
22.5%
Performer 5That's The Way Love Goes
22%
Performer 4In Between Days
21.4%
Performer 4Lullaby
20.9%
Performer 5When I Think Of You
19.8%
Performer 5Miss You Much
18.3%
Performer 7Street Spirit (Fade Out)
18.3%
Hint Answer % Correct
Performer 5All For You
17.7%
Performer 4Why Can't I Be You?
17.3%
Performer 3Tell Her No
16.1%
Performer 7Everything In Its Right Place
15.7%
Performer 7Pyramid Song
13.9%
Performer 7Idioteque
13.8%
Performer 1Two Steps Behind
13.6%
Performer 4Let's Go To Bed
13.6%
Performer 5Together Again
13.3%
Performer 6Dance Away
11.1%
Performer 6Virginia Plain
10.7%
Performer 7There There
10.7%
Performer 2Rooms On Fire
10%
Performer 2Talk To Me
9.7%
Performer 7Nude
8.9%
Performer 1When Love & Hate Collide
8.4%
Performer 6Do The Strand
8.3%
Performer 1Have You Ever Needed Someone So Bad
8%
Performer 2I Can't Wait
6.7%
Performer 2If Anyone Falls
6.1%
Performer 3Care Of Cell 44
6.1%
Performer 3A Rose For Emily
5.9%
Performer 6Street Life
5.2%
Performer 6Angel Eyes
5%
Performer 5I Get Lonely
4.9%
Performer 5Any Time, Any Place
4.8%
Performer 6Over You
4.1%
Performer 3Goin' Out Of My Head
3.5%
Performer 6Oh Yeah
3.4%
Performer 6All I Want Is You
3.3%
Performer 3Leave Me Be
2.6%
Performer 3She's Coming Home
2.2%
Performer 3Whenever You're Ready
1.9%
Performer 5Young Love
1.7%
Performer 1Work It Out
1.6%
Performer 2Planets Of The Universe
1.4%
Performer 2Long Way To Go
1.3%
Performer 3Imagine The Swan
1.1%

You're not logged in!

Compare scores with friends on all Sporcle quizzes.
OR
Log In

From the Vault

According to Beatles Songs

by lolshortee

One can learn a lot from The Beatles.
Remove Ads.
Support Sporcle.
Get the best of Sporcle when you Go Orange. This ad-free experience offers more features, more stats, and more fun while also helping to support Sporcle. Thank you for becoming a member.

Show Comments

Extras

Top Quizzes Today


Score Distribution

Your Account Isn't Verified!

In order to create a playlist on Sporcle, you need to verify the email address you used during registration. Go to your Sporcle Settings to finish the process.

Report this User

Report this user for behavior that violates our Community Guidelines.

Details: